Sports Trivia - Statistics

General Stats
  • This quiz has been taken 300 times
    292 since last reset
  • The average score is 14 of 22
Answer Stats
Hint Answer % Correct
The Olympics are held every how many years? 4
94%
Which country has won the most world cups? Brazil
89%
What’s the national sport of Canada? Lacrosse | Hockey
87%
What does NBA stand for? National Basketball Association
87%
Where is cricket most commonly played? India
84%
Which sport has scrums? Rugby
81%
What does "love" mean in tennis? 0
78%
What sport uses a shuttlecock? Badminton
78%
What is a soccer field called? Pitch
78%
Where was soccer invented? England
76%
Which golf term is used for scoring 1-over par? Bogey
74%
How long is a quarter in football? 15 minutes
71%
Sport that is known as the ¨King Sport¨ Soccer/Football
65%
What team owns the longest winning streak in NBA history? Los Angeles Lakers
64%
What is it called when a bowler gets 3 strikes in a row? Turkey
60%
What is the only sport to be played on the moon? Golf
55%
What type of race is the Tour de France? Bicycle
48%
After winning The Kentucky Derby, Preakness Stakes, and Belmont Stakes, a horse earns the _______ Triple Crown
41%
What is the only team in the NFL to neither host nor play in the Super Bowl? Cleveland Browns
36%
Who was the first Major League player to pitch a ball over 100 mph? Nolan Ryan
25%
In which winter sport are the terms “stale fish” and “mule kick” used? Snowboarding
22%
What sporting event is held every year on Memorial Day? Indianapolis 500
16%
No matching quizzes found
Score Distribution
Percent of People with Each Score
Percentile by Number Answered
Your Score History
You have not taken this quiz since the last reset